000 00690cam a22002413a 4500
001 18741
003 PGUSA
005 20140828083411.0
008 060307s2006||||xxu|||||s|||||000 | eng d
040 _aPGUSA
_beng
042 _adc
050 4 _aQA
100 1 _aVeblen, Oswald,
_d1880-1960
245 1 0 _aIntroduction to Infinitesimal Analysis; Functions of One Real Variable
_h[electronic resource] /
_cOswald Veblen
260 _bProject Gutenberg,
_c2006
506 _aPublic domain in the USA.
516 _aElectronic text
653 _aFunctions
653 _aCalculus
830 0 _aProject Gutenberg
_v18741
856 4 0 _uhttp://www.gutenberg.org/ebooks/18741
942 _cEB
999 _c247996
_d247996